[Event "FIDE Open World Blitz 2021"]
[Site "Warsaw"]
[Date "2021.12.29"]
[Round "10.6"]
[White "Caruana, Fabiano"]
[Black "Svane, Rasmus"]
[Result "0-1"]
[WhiteElo "2791"]
[BlackElo "2628"]
[Annotator "TA"]
[PlyCount "112"]
[EventDate "2021.12.29"]
[EventType "swiss"]
[EventCountry "POL"]
[Tiebreak "Cut1 Buchholz"]
[SourceTitle "playchess.com"]
[Source "ChessBase"]
[SourceQuality "1"]

1. d4 Nf6 2. Nf3 d5 3. Bf4 e6 4. e3 Bd6 5. Nbd2 O-O 6. Bd3 c5 7. c3 Bxf4 8.
exf4 Qb6 9. Rb1 cxd4 10. Nxd4 Qd6 11. g3 e5 12. fxe5 Qxe5+ 13. Qe2 Qd6 14. O-O
Nc6 15. N2b3 Re8 16. Qc2 Bh3 17. Rfe1 a6 18. f3 h6 19. Qf2 Bd7 20. Nxc6 Bxc6
21. Nd4 Nd7 22. Bf1 Ne5 23. Re3 Bd7 24. Rbe1 Nc6 25. Nb3 Rxe3 26. Rxe3 Re8 27.
Rxe8+ Bxe8 28. Qb6 Qe7 29. Kf2 Ne5 30. Qd4 Bc6 31. Be2 Qc7 32. Nc5 Nd7 33. Nd3
Nf8 34. Nf4 Qd6 35. Qe3 Ng6 36. Nd3 Nf8 37. Qe5 Qd8 38. Nb4 a5 39. Nd3 Ne6 40.
f4 Bb5 41. f5 Ng5 42. Nf4 Ne4+ 43. Ke3 Bxe2 44. Kxe2 Qb6 45. Nxd5 Qxb2+ 46. Ke3
Nf6 47. Nxf6+ gxf6 48. Qxa5 Qxh2 49. Qc7 b5 50. Kd3 Qf2 51. Qb8+ Kg7 52. Qxb5
Qxg3+ 53. Kc2 h5 54. a4 h4 55. Qd5 h3 56. Kb3 Qg2 0-1

[Event "FIDE Open World Blitz 2021"]
[Site "Warsaw"]
[Date "2021.12.29"]
[Round "10.6"]
[White "Narayanan.S.L"]
[Black "Holm, Kristian Stuvik"]
[Result "1-0"]
[WhiteElo "2570"]
[BlackElo "2471"]
[Annotator "ChessBase"]
[PlyCount "99"]
[EventDate "2021.12.29"]
[EventType "swiss"]
[EventCountry "POL"]
[Tiebreak "Cut1 Buchholz"]
[SourceTitle "playchess.com"]
[Source "ChessBase"]
[SourceQuality "1"]

1. d4 Nf6 2. c4 e6 3. Nf3 d5 4. g3 dxc4 5. Bg2 c5 6. O-O Nc6 7. Ne5 Bd7 8. Na3
cxd4 9. Naxc4 Be7 10. Bf4 Rc8 11. Qb3 Nxe5 12. Nxe5 Bc6 13. Bxc6+ bxc6 14. Qb7
Rc7 15. Qa6 Qc8 16. Qa4 Nd5 17. Qxd4 Nxf4 18. Qxf4 O-O 19. Rfd1 Bf6 20. Nc4 h6
21. Qe4 Rd8 22. Rxd8+ Qxd8 23. Rc1 Qd5 24. Qc2 c5 25. Rd1 Qc6 26. Qd3 Rc8 27.
Qd7 Qa8 28. Nd6 Rf8 29. b3 Be5 30. Nc4 Bd4 31. e3 Bf6 32. Qc7 Rc8 33. Qf4 Rd8
34. Rxd8+ Qxd8 35. Qd6 Qc8 36. h4 h5 37. Nd2 g6 38. Ne4 Bg7 39. Qxc5 Qa6 40.
Qc2 Bf8 41. Ng5 Be7 42. Nf3 Qb7 43. Kg2 a5 44. Qc4 Bf6 45. Qc5 Qa6 46. Qc7 Kg7
47. Ne5 Qa8+ 48. Kg1 Qe8 49. Nc4 Qb5 50. Qxf7+ 1-0

[Event "FIDE Open World Blitz 2021"]
[Site "Warsaw"]
[Date "2021.12.29"]
[Round "10.7"]
[White "Ivic, Velimir"]
[Black "Erigaisi Arjun"]
[Result "1/2-1/2"]
[WhiteElo "2575"]
[BlackElo "2627"]
[Annotator "ChessBase"]
[PlyCount "120"]
[EventDate "2021.12.29"]
[EventType "swiss"]
[EventCountry "POL"]
[Tiebreak "Cut1 Buchholz"]
[SourceTitle "playchess.com"]
[Source "ChessBase"]
[SourceQuality "1"]

1. e4 c5 2. Nf3 d6 3. d4 cxd4 4. Nxd4 Nf6 5. Nc3 g6 6. Be3 Bg7 7. f3 Nc6 8. Qd2
O-O 9. O-O-O d5 10. Nxc6 bxc6 11. Bh6 Bxh6 12. Qxh6 Rb8 13. e5 Nd7 14. Rd4 Re8
15. e6 Nf6 16. exf7+ Kxf7 17. Bd3 Qb6 18. Rf4 Qe3+ 19. Kd1 Qe5 20. Qxh7+ Ke6
21. Qh6 Kd6 22. Re1 Qh5 23. Qg7 Be6 24. Bxg6 Qxh2 25. Rxf6 exf6 26. Bxe8 Rxe8
27. Qxf6 Qxg2 28. Qf4+ Kd7 29. Na4 Qf2 30. Qb4 Qxf3+ 31. Kc1 Qf7 32. Nc5+ Kc8
33. Qa4 Bd7 34. Qa6+ Kd8 35. Qa5+ Kc8 36. Rd1 Qf4+ 37. Kb1 Qc7 38. Qa6+ Kb8 39.
a4 Ka8 40. Qd3 Rd8 41. Ka2 Qd6 42. Qd4 Rb8 43. Rf1 Be8 44. Rf6 Qd8 45. Rf8 Qe7
46. Rh8 Bg6 47. Na6 Rxh8 48. Qxh8+ Kb7 49. Nb8 Be8 50. Qh2 Qc7 51. Qxc7+ Kxc7
52. Na6+ Kd6 53. b4 d4 54. Kb2 Bf7 55. Nc5 Bc4 56. Kc1 Kd5 57. Kd2 a5 58. c3
dxc3+ 59. Kxc3 Bf1 60. Nb3 axb4+ 1/2-1/2

[Event "FIDE Open World Blitz 2021"]
[Site "Warsaw"]
[Date "2021.12.29"]
[Round "10.7"]
[White "Bologan, Victor"]
[Black "Najer, Evgeniy"]
[Result "1/2-1/2"]
[WhiteElo "2574"]
[BlackElo "2654"]
[Annotator "ChessBase"]
[PlyCount "149"]
[EventDate "2021.12.29"]
[EventType "swiss"]
[EventCountry "POL"]
[Tiebreak "Cut1 Buchholz"]
[SourceTitle "playchess.com"]
[Source "ChessBase"]
[SourceQuality "1"]

1. e4 c5 2. Nf3 d6 3. Bb5+ Bd7 4. c4 g6 5. Nc3 Bg7 6. d4 cxd4 7. Nxd4 Nf6 8.
O-O O-O 9. h3 Bc8 10. Be3 Nbd7 11. Bxd7 Bxd7 12. Qd2 Bc6 13. f3 Rc8 14. Rac1
Re8 15. Rfd1 a6 16. Nxc6 Rxc6 17. b3 Qa5 18. Bd4 Rec8 19. a4 Kf8 20. Kh1 h5 21.
Qf2 Qb4 22. Rb1 e6 23. Qd2 Qa5 24. Qb2 Qg5 25. Qf2 h4 26. Rd3 Nh5 27. Bxg7+
Kxg7 28. Rbd1 Ng3+ 29. Kg1 Qe5 30. f4 Qc5 31. Qxc5 dxc5 32. Kf2 Rb6 33. Rb1 Rb4
34. Kf3 Rc6 35. a5 b5 36. cxb5 axb5 37. Na2 Rxe4 38. Rc1 Ra6 39. Rxc5 Rxa5 40.
Nc3 Rb4 41. Nb1 Ra1 42. Nd2 Rd1 43. Rc7 Nh5 44. Rdd7 Rxf4+ 45. Ke3 Re1+ 46. Kd3
Re5 47. Nf3 Ref5 48. Rb7 Rxf3+ 49. gxf3 Rxf3+ 50. Ke4 Rf4+ 51. Ke3 Rf5 52. Rd4
g5 53. Rb4 Re5+ 54. Kd4 Rd5+ 55. Kc3 Nf4 56. R4xb5 Rd3+ 57. Kc2 Rxh3 58. Rxg5+
Kf6 59. Rg8 Rf3 60. b4 h3 61. Rh8 Ng6 62. Rh7 Kg5 63. Rbxf7 Rxf7 64. Rxf7 Nf4
65. Rg7+ Kh4 66. Rg1 h2 67. Rh1 Kg3 68. b5 Nd5 69. Kd3 Nb6 70. Kd4 Nd7 71. b6
Kg2 72. Rxh2+ Kxh2 73. b7 Kg3 74. b8=Q+ Nxb8 75. Ke5 1/2-1/2

[Event "FIDE Open World Blitz 2021"]
[Site "Warsaw"]
[Date "2021.12.29"]
[Round "10.8"]
[White "Chigaev, Maksim"]
[Black "Klekowski, Maciej"]
[Result "1-0"]
[WhiteElo "2626"]
[BlackElo "2499"]
[Annotator "ChessBase"]
[PlyCount "65"]
[EventDate "2021.12.29"]
[EventType "swiss"]
[EventCountry "POL"]
[Tiebreak "Cut1 Buchholz"]
[SourceTitle "playchess.com"]
[Source "ChessBase"]
[SourceQuality "1"]

1. d4 Nf6 2. Nf3 e6 3. c4 b6 4. g3 Bb7 5. Bg2 Be7 6. O-O O-O 7. h4 c5 8. d5
exd5 9. Nh2 d6 10. Nc3 Nbd7 11. cxd5 a6 12. a4 Ne8 13. e4 Nc7 14. h5 b5 15. h6
g6 16. Ng4 Ne5 17. Nxe5 dxe5 18. axb5 axb5 19. Rxa8 Bxa8 20. Be3 Bd6 21. Qe2
Bb7 22. Ra1 b4 23. Na4 Ba6 24. Qd2 Qe7 25. b3 f5 26. Rc1 fxe4 27. Nxc5 Bc8 28.
Nxe4 Re8 29. Bg5 Qf8 30. Nf6+ Kh8 31. Nxe8 Qxe8 32. Rc6 Nb5 33. Qd3 1-0

[Event "FIDE Open World Blitz 2021"]
[Site "Warsaw"]
[Date "2021.12.29"]
[Round "10.8"]
[White "Socko, Bartosz"]
[Black "Grischuk, Alexander"]
[Result "1-0"]
[WhiteElo "2571"]
[BlackElo "2773"]
[Annotator "ChessBase"]
[PlyCount "85"]
[EventDate "2021.12.29"]
[EventType "swiss"]
[EventCountry "POL"]
[Tiebreak "Cut1 Buchholz"]
[SourceTitle "playchess.com"]
[Source "ChessBase"]
[SourceQuality "1"]

1. d4 Nf6 2. c4 e6 3. Nf3 d5 4. g3 Be7 5. Bg2 O-O 6. O-O dxc4 7. Ne5 Nc6 8.
Bxc6 bxc6 9. Nxc6 Qe8 10. Nxe7+ Qxe7 11. Qc2 Ba6 12. Nc3 c5 13. Rd1 Rfd8 14.
dxc5 Rxd1+ 15. Qxd1 Qxc5 16. Bf4 e5 17. Bg5 Bb7 18. Bxf6 gxf6 19. Qd7 Bc6 20.
Qg4+ Kf8 21. Rd1 Ke7 22. Ne4 Bxe4 23. Qxe4 Rb8 24. Rd2 h6 25. h4 a5 26. Kg2 Rd8
27. Rxd8 Kxd8 28. Qb7 Ke8 29. h5 Kf8 30. e3 Kg7 31. a4 c3 32. bxc3 Qxc3 33. Qb5
Qb4 34. Qxb4 axb4 35. a5 b3 36. a6 b2 37. a7 b1=Q 38. a8=Q Qd3 39. Qf3 Qd7 40.
e4 Qe6 41. Qd3 Qc6 42. Qf3 Qe6 43. Qd3 1-0

[Event "FIDE Open World Blitz 2021"]
[Site "Warsaw"]
[Date "2021.12.29"]
[Round "10.9"]
[White "Adly, Ahmed"]
[Black "Sanal, Vahap"]
[Result "1/2-1/2"]
[WhiteElo "2602"]
[BlackElo "2590"]
[Annotator "ChessBase"]
[PlyCount "160"]
[EventDate "2021.12.29"]
[EventType "swiss"]
[EventCountry "POL"]
[Tiebreak "Cut1 Buchholz"]
[SourceTitle "playchess.com"]
[Source "ChessBase"]
[SourceQuality "1"]

1. d4 Nf6 2. Nf3 d5 3. g3 e6 4. Bg2 Be7 5. O-O O-O 6. c4 dxc4 7. Qc2 a6 8. a4
Bd7 9. Qxc4 Bc6 10. Bg5 Nbd7 11. Nc3 h6 12. Bxf6 Nxf6 13. Ne5 Bxg2 14. Kxg2 a5
15. Rfd1 c6 16. Qb3 Qc7 17. Rac1 Rfd8 18. Nc4 Nd5 19. Nxd5 exd5 20. Nb6 Rab8
21. Nxd5 Qd6 22. Nb6 Bf6 23. e3 Qe7 24. Rc5 Qe4+ 25. Kg1 Qf3 26. Qc2 g6 27.
Rxa5 h5 28. h4 Re8 29. Nc4 Rbd8 30. Nd2 Qe2 31. Rc5 Qg4 32. Kf1 Qh3+ 33. Kg1
Qg4 34. Nf1 Re4 35. Nh2 Qe6 36. Nf3 Qg4 37. Kg2 Ree8 38. a5 Be7 39. Re5 Bd6 40.
Rg5 Qe6 41. a6 bxa6 42. Qxc6 Rc8 43. Qd5 Qf6 44. Rd2 Kg7 45. Ne5 Red8 46. Qe4
Qe6 47. Qf3 Be7 48. d5 Qf6 49. Qxf6+ Bxf6 50. Nf3 Rc4 51. b3 Rb4 52. Ra2 Bxg5
53. Nxg5 Rxd5 54. Rxa6 Rxb3 55. Ra7 Rf5 56. e4 Rf6 57. e5 Rf5 58. e6 Rb2 59.
Rxf7+ Rxf7 60. Nxf7 Kf6 61. Ng5 Rb3 62. Kf1 Rb2 63. Kg1 Ra2 64. Kg2 Ra3 65. f3
Ra2+ 66. Kh3 Ra3 67. g4 hxg4+ 68. Kxg4 Ra4+ 69. Kg3 Ra1 70. Kf4 Ra4+ 71. Kg3
Rb4 72. Kh3 Rb8 73. Kg3 Kf5 74. Kg2 Kf4 75. Nh3+ Ke5 76. Ng5 Kf5 77. Kg3 Re8
78. Kg2 Ra8 79. Kg3 Rb8 80. Kg2 Ra8 1/2-1/2

[Event "FIDE Open World Blitz 2021"]
[Site "Warsaw"]
[Date "2021.12.29"]
[Round "10.9"]
[White "Zilka, Stepan"]
[Black "Saric, Ivan"]
[Result "0-1"]
[WhiteElo "2593"]
[BlackElo "2665"]
[Annotator "ChessBase"]
[PlyCount "75"]
[EventDate "2021.12.29"]
[EventType "swiss"]
[EventCountry "POL"]
[Tiebreak "Cut1 Buchholz"]
[SourceTitle "playchess.com"]
[Source "ChessBase"]
[SourceQuality "1"]

1. d4 Nf6 2. c4 c5 3. d5 g6 4. Nc3 Bg7 5. e4 d6 6. Nf3 O-O 7. Bd3 e6 8. h3 Re8
9. O-O Na6 10. Re1 Nc7 11. a4 Na6 12. Ra3 Nb4 13. Bb1 exd5 14. exd5 Bd7 15.
Rxe8+ Qxe8 16. Bf4 Qf8 17. Nb5 Ne8 18. Re3 Bxb5 19. axb5 Bxb2 20. Qe2 Bf6 21.
Bg5 a5 22. bxa6 bxa6 23. h4 a5 24. Nh2 h6 25. Bxh6 Qxh6 26. Ng4 Qf4 27. g3 Qd4
28. Rxe8+ Rxe8 29. Qxe8+ Kg7 30. Bxg6 fxg6 31. Qd7+ Kf8 32. Nh6 Be7 33. Qe6 Ke8
34. Qc8+ Bd8 35. Qe6+ Be7 36. Qc8+ Bd8 37. Qe6+ Be7 38. Qc8+ 0-1

[Event "FIDE Open World Blitz 2021"]
[Site "Warsaw"]
[Date "2021.12.29"]
[Round "10.10"]
[White "Sargsyan, Shant"]
[Black "Kanarek, Marcel"]
[Result "1-0"]
[WhiteElo "2628"]
[BlackElo "2342"]
[Annotator "ChessBase"]
[PlyCount "97"]
[EventDate "2021.12.29"]
[EventType "swiss"]
[EventCountry "POL"]
[Tiebreak "Cut1 Buchholz"]
[SourceTitle "playchess.com"]
[Source "ChessBase"]
[SourceQuality "1"]

1. d4 Nf6 2. Nf3 g6 3. Nc3 d5 4. Bf4 c6 5. e3 Bg7 6. h3 O-O 7. Be2 Nbd7 8. O-O
b5 9. Bh2 a5 10. a4 b4 11. Nb1 c5 12. c3 Ne4 13. Nfd2 bxc3 14. bxc3 Nxd2 15.
Nxd2 e5 16. Nf3 exd4 17. cxd4 c4 18. Rb1 Nf6 19. Ne5 Ne4 20. Qc1 Bd7 21. Bf3
Bxa4 22. Bxe4 dxe4 23. Qxc4 Bd7 24. Rb7 Be6 25. Qa4 Qd5 26. Rfb1 Qa2 27. Qxa2
Bxa2 28. Ra1 Be6 29. Ra4 Rfb8 30. Rxb8+ Rxb8 31. Bf4 Bxe5 32. Bxe5 Ra8 33. f3
Bd7 34. Ra3 exf3 35. gxf3 a4 36. h4 f5 37. Kf2 Bc6 38. Bd6 Kf7 39. Rc3 Bd7 40.
e4 fxe4 41. fxe4 Rc8 42. Bc5 Rb8 43. Rf3+ Ke6 44. e5 Rb2+ 45. Ke1 Bb5 46. Rf6+
Kd5 47. Rb6 Ke4 48. e6 Kd3 49. d5 1-0

[Event "FIDE Open World Blitz 2021"]
[Site "Warsaw"]
[Date "2021.12.29"]
[Round "10.10"]
[White "Onyshchuk, Volodymyr"]
[Black "Nakamura, Hikaru"]
[Result "0-1"]
[WhiteElo "2622"]
[BlackElo "2736"]
[Annotator "ChessBase"]
[PlyCount "74"]
[EventDate "2021.12.29"]
[EventType "swiss"]
[EventCountry "POL"]
[Tiebreak "Cut1 Buchholz"]
[SourceTitle "playchess.com"]
[Source "ChessBase"]
[SourceQuality "1"]

1. e4 e5 2. Nf3 Nc6 3. Bc4 Bc5 4. c3 Nf6 5. d3 O-O 6. Nbd2 d5 7. exd5 Nxd5 8.
O-O Nb6 9. Bb5 Bd6 10. Ne4 f5 11. Nxd6 cxd6 12. d4 e4 13. Ng5 d5 14. f3 f4 15.
Nxe4 dxe4 16. fxe4 Qe7 17. Bd3 g5 18. Qh5 Qg7 19. Kh1 Be6 20. b3 Rf6 21. Qe2
Re8 22. Bb2 Rh6 23. Qf2 Nd7 24. e5 Ne7 25. c4 Bf5 26. Be2 Be4 27. Bg4 Bf5 28.
Be2 Ng6 29. Rae1 g4 30. Kg1 Rxh2 31. Bxg4 Qh6 32. Bh3 Rxh3 33. gxh3 Bxh3 34. e6
Nf6 35. Qh2 Ng4 36. Qh1 Qh4 37. Qf3 Bxf1 0-1

[Event "FIDE Open World Blitz 2021"]
[Site "Warsaw"]
[Date "2021.12.29"]
[Round "10.11"]
[White "Nepomniachtchi, Ian"]
[Black "Zvjaginsev, Vadim"]
[Result "1-0"]
[WhiteElo "2782"]
[BlackElo "2609"]
[Annotator "TA"]
[PlyCount "63"]
[EventDate "2021.12.29"]
[EventType "swiss"]
[EventCountry "POL"]
[Tiebreak "Cut1 Buchholz"]
[SourceTitle "playchess.com"]
[Source "ChessBase"]
[SourceQuality "1"]

1. e4 c5 2. Nf3 Nc6 3. Bb5 Nf6 4. Nc3 Qc7 5. O-O a6 6. Bxc6 dxc6 7. e5 Nd5 8.
h3 Nxc3 9. bxc3 Bf5 10. c4 e6 11. a4 b6 12. d3 Be7 13. Bf4 O-O 14. Qd2 b5 15.
Qc3 Rfb8 16. Rfb1 bxc4 17. Qxc4 Rb4 18. Rxb4 cxb4 19. Nd4 Bg6 20. Qxc6 Rc8 21.
Qxa6 h6 22. Rb1 Kh7 23. a5 Bc5 24. Nf3 Bxf2+ 25. Kxf2 Qxc2+ 26. Nd2 Bxd3 27.
Qb6 Rc4 28. Rxb4 Rxf4+ 29. Rxf4 Qxd2+ 30. Kg3 Qe1+ 31. Kh2 Qxe5 32. Qd4 1-0

[Event "FIDE Open World Blitz 2021"]
[Site "Warsaw"]
[Date "2021.12.29"]
[Round "10.11"]
[White "Gumularz, Szymon"]
[Black "Piorun, Kacper"]
[Result "0-1"]
[WhiteElo "2396"]
[BlackElo "2634"]
[Annotator "ChessBase"]
[PlyCount "58"]
[EventDate "2021.12.29"]
[EventType "swiss"]
[EventCountry "POL"]
[Tiebreak "Cut1 Buchholz"]
[SourceTitle "playchess.com"]
[Source "ChessBase"]
[SourceQuality "1"]

1. e4 e6 2. d4 d5 3. Nd2 h6 4. Ngf3 Nf6 5. e5 Nfd7 6. c3 c5 7. Bd3 Nc6 8. O-O
g5 9. b3 g4 10. Ne1 h5 11. Bb2 cxd4 12. cxd4 Qb6 13. Nc2 a5 14. Kh1 a4 15. f4
axb3 16. axb3 Rxa1 17. Bxa1 f5 18. exf6 Nxf6 19. f5 exf5 20. Ne3 Ne7 21. Nxf5
Nxf5 22. Bxf5 Bxf5 23. Rxf5 Bg7 24. Bb2 O-O 25. Ba3 Re8 26. Bc5 Qb5 27. Kg1 Qd3
28. Rf1 Re2 29. Nb1 Qe4 0-1

[Event "FIDE Open World Blitz 2021"]
[Site "Warsaw"]
[Date "2021.12.29"]
[Round "10.12"]
[White "Maghsoodloo, Parham"]
[Black "Vachier-Lagrave, Maxime"]
[Result "1-0"]
[WhiteElo "2706"]
[BlackElo "2766"]
[Annotator "ChessBase"]
[PlyCount "51"]
[EventDate "2021.12.29"]
[EventType "swiss"]
[EventCountry "POL"]
[Tiebreak "Cut1 Buchholz"]
[SourceTitle "playchess.com"]
[Source "ChessBase"]
[SourceQuality "1"]

1. d4 d5 2. Nf3 Nf6 3. Bf4 e6 4. e3 Bd6 5. Ne5 O-O 6. Nd2 c5 7. c3 Nc6 8. Bd3
Qe7 9. h4 Qc7 10. Ndf3 Ne4 11. Nxc6 Bxf4 12. Nce5 Bxe5 13. dxe5 f6 14. h5 Bd7
15. h6 g6 16. Qc2 Bc6 17. O-O-O b5 18. Kb1 a5 19. exf6 Nxf6 20. Bxg6 hxg6 21.
Qxg6+ Kh8 22. Ng5 Rae8 23. Rh4 Qe7 24. Rf4 e5 25. Rf5 Nh7 26. Nf7+ 1-0

[Event "FIDE Open World Blitz 2021"]
[Site "Warsaw"]
[Date "2021.12.29"]
[Round "10.12"]
[White "Szpar, Milosz"]
[Black "Vakhidov, Jakhongir"]
[Result "0-1"]
[WhiteElo "2285"]
[BlackElo "2557"]
[Annotator "ChessBase"]
[PlyCount "52"]
[EventDate "2021.12.29"]
[EventType "swiss"]
[EventCountry "POL"]
[Tiebreak "Cut1 Buchholz"]
[SourceTitle "playchess.com"]
[Source "ChessBase"]
[SourceQuality "1"]

1. e4 c5 2. Nf3 g6 3. c3 d5 4. exd5 Qxd5 5. d4 Bg7 6. Be2 cxd4 7. cxd4 Nf6 8.
O-O O-O 9. Nc3 Qd6 10. h3 Nc6 11. Be3 Bf5 12. Rc1 Rfd8 13. Qb3 Qb4 14. Bc4 Qxb3
15. Bxb3 Na5 16. Bd1 Nc4 17. b3 Nxe3 18. fxe3 Rac8 19. Be2 Bh6 20. g4 Bxe3+ 21.
Kg2 Bxc1 22. Rxc1 Be4 23. g5 Nd5 24. Bc4 Bxf3+ 25. Kxf3 Nxc3 26. Rxc3 b5 0-1

[Event "FIDE Open World Blitz 2021"]
[Site "Warsaw"]
[Date "2021.12.29"]
[Round "10.13"]
[White "Puranik, Abhimanyu"]
[Black "Mamedov, Rauf"]
[Result "0-1"]
[WhiteElo "2604"]
[BlackElo "2673"]
[Annotator "ChessBase"]
[PlyCount "138"]
[EventDate "2021.12.29"]
[EventType "swiss"]
[EventCountry "POL"]
[Tiebreak "Cut1 Buchholz"]
[SourceTitle "playchess.com"]
[Source "ChessBase"]
[SourceQuality "1"]

1. Nf3 Nf6 2. c4 g6 3. b3 d6 4. d4 Bg7 5. Bb2 O-O 6. e3 e5 7. dxe5 dxe5 8. Nc3
Qe7 9. Be2 Rd8 10. Qc1 Nc6 11. O-O Bf5 12. Nd2 Nb4 13. e4 Bg4 14. Bxg4 Nxg4 15.
Nd5 Nxd5 16. exd5 c6 17. h3 Nf6 18. dxc6 Bh6 19. cxb7 Qxb7 20. f4 exf4 21. Nf3
Ne4 22. Re1 Rd3 23. c5 Qd5 24. c6 Rxf3 25. gxf3 Qg5+ 26. Kf1 Qb5+ 27. Kg2 Qg5+
28. Kf1 Qg3 29. Qc2 Qxf3+ 30. Kg1 Ng5 31. Qg2 Qh5 32. c7 f3 33. Rad1 fxg2 34.
Rd8+ Bf8 35. Rxa8 Nxh3+ 36. Kxg2 Qg4+ 37. Kh2 Qf4+ 38. Kxh3 Qf3+ 39. Kh2 Qf2+
40. Kh3 Qf3+ 41. Kh2 Qxa8 42. Be5 Be7 43. Bg3 Kf8 44. Rd1 Ke8 45. Re1 Kd7 46.
Rd1+ Kc8 47. Re1 Kd7 48. Rd1+ Ke8 49. Re1 Kf8 50. Re4 Qc8 51. Rd4 h5 52. Rd5 h4
53. Bf4 g5 54. Rb5 Ke8 55. Rb8 Kd7 56. Rxc8 Kxc8 57. Be5 f6 58. Bd4 a6 59. Bb6
Bd6+ 60. Kh3 Bxc7 61. Bd4 Be5 62. Bc5 Kd7 63. b4 Kc6 64. a4 Kd5 65. Kg4 Bc3 66.
Be7 Ke6 67. Bc5 f5+ 68. Kxg5 h3 69. Bg1 Be5 0-1

[Event "FIDE Open World Blitz 2021"]
[Site "Warsaw"]
[Date "2021.12.29"]
[Round "10.13"]
[White "Van Foreest, Lucas"]
[Black "Dudin, Gleb"]
[Result "1/2-1/2"]
[WhiteElo "2532"]
[BlackElo "2339"]
[Annotator "ChessBase"]
[PlyCount "169"]
[EventDate "2021.12.29"]
[EventType "swiss"]
[EventCountry "POL"]
[Tiebreak "Cut1 Buchholz"]
[SourceTitle "playchess.com"]
[Source "ChessBase"]
[SourceQuality "1"]

1. e4 e5 2. Nf3 Nc6 3. d4 exd4 4. Bc4 d6 5. Nxd4 Nf6 6. Nc3 Be7 7. O-O O-O 8.
h3 Bd7 9. Re1 Ne5 10. Bf1 Ng6 11. f4 c5 12. Nf5 Bc6 13. Bc4 Re8 14. Qd3 Bf8 15.
Bd2 Nxe4 16. Nxe4 d5 17. Bxd5 Qxd5 18. Qxd5 Bxd5 19. Nh6+ Kh8 20. Nc3 Bc4 21.
b3 gxh6 22. bxc4 Bg7 23. Rab1 b6 24. Nd5 Nh4 25. c3 Nf5 26. g4 Nd6 27. f5 Nxc4
28. Bf4 Be5 29. Bxh6 Rad8 30. Rbd1 Nb2 31. Bg5 Nxd1 32. Bxd8 Rxd8 33. Rxe5 Kg7
34. f6+ Kf8 35. c4 Nb2 36. Ne3 Rd4 37. Re7 Nxc4 38. Rxa7 Ke8 39. Nf5 Rd2 40.
Nh6 Nb2 41. Rxf7 c4 42. Re7+ Kd8 43. Nf7+ Kc8 44. Re3 Nd1 45. Nd6+ Rxd6 46. f7
Nxe3 47. f8=Q+ Kc7 48. Qe7+ Kc6 49. Qxe3 b5 50. Qe4+ Kc5 51. Kf2 Rd2+ 52. Ke3
Rxa2 53. Qxh7 Ra3+ 54. Kd2 Kb4 55. Qe7+ Kb3 56. Qe3+ Kb2 57. Qc5 c3+ 58. Kd1
Ra1+ 59. Ke2 c2 60. Qxb5+ Ka2 61. Qc4+ Kb2 62. Qb4+ Ka2 63. Qd2 Kb3 64. Qd3+
Kb2 65. Qd4+ Ka2 66. Qc4+ Kb2 67. Qb4+ Ka2 68. Qc4+ Kb2 69. Qd4+ Ka2 70. Qd5+
Kb2 71. Qd2 Kb3 72. Qe3+ Kb2 73. Qb6+ Ka2 74. Qe6+ Kb2 75. Qf6+ Ka2 76. Qf7+
Kb2 77. Qg7+ Ka2 78. Qa7+ Kb2 79. Qb6+ Ka2 80. Qa5+ Kb2 81. Qb4+ Ka2 82. Qa4+
Kb2 83. Qb4+ Ka2 84. Qa4+ Kb2 85. Qb4+ 1/2-1/2

[Event "FIDE Open World Blitz 2021"]
[Site "Warsaw"]
[Date "2021.12.29"]
[Round "10.14"]
[White "Niemann, Hans Moke"]
[Black "Predke, Alexandr"]
[Result "1-0"]
[WhiteElo "2635"]
[BlackElo "2627"]
[Annotator "ChessBase"]
[PlyCount "97"]
[EventDate "2021.12.29"]
[EventType "swiss"]
[EventCountry "POL"]
[Tiebreak "Cut1 Buchholz"]
[SourceTitle "playchess.com"]
[Source "ChessBase"]
[SourceQuality "1"]

1. d4 d5 2. Bf4 Nf6 3. Nc3 e6 4. Nb5 Bb4+ 5. c3 Ba5 6. e3 O-O 7. h3 c6 8. Na3
Bc7 9. Nf3 Nbd7 10. Be2 Re8 11. Bxc7 Qxc7 12. c4 Qa5+ 13. Qd2 Qxd2+ 14. Nxd2 e5
15. Nf3 exd4 16. Nxd4 Ne5 17. cxd5 Nxd5 18. O-O-O Nb4 19. Nac2 a5 20. a3 Nxc2
21. Kxc2 Bd7 22. Rd2 c5 23. Nb5 Re7 24. Rhd1 c4 25. a4 Rc8 26. Nc3 Bc6 27. e4
g6 28. Rd8+ Re8 29. Rxe8+ Rxe8 30. Rd4 Nd7 31. Bxc4 Nc5 32. Bd5 Bxd5 33. exd5
Nd7 34. Rc4 b6 35. Rc7 Nc5 36. Rc6 Rb8 37. b3 Kf8 38. Nb5 Ke7 39. Rc7+ Kf6 40.
Kc3 Ne4+ 41. Kd4 Nd2 42. Rc3 Re8 43. Rd3 Re2 44. d6 Ne4 45. Kd5 Nc5 46. Rf3+
Kg7 47. Kc6 Re6 48. Kxb6 Ne4 49. Kc7 1-0

[Event "FIDE Open World Blitz 2021"]
[Site "Warsaw"]
[Date "2021.12.29"]
[Round "10.14"]
[White "Babazada, Khazar"]
[Black "Antipov, Mikhail Al."]
[Result "1-0"]
[WhiteElo "2302"]
[BlackElo "2587"]
[Annotator "ChessBase"]
[PlyCount "87"]
[EventDate "2021.12.29"]
[EventType "swiss"]
[EventCountry "POL"]
[Tiebreak "Cut1 Buchholz"]
[SourceTitle "playchess.com"]
[Source "ChessBase"]
[SourceQuality "1"]

1. e4 c5 2. Nf3 e6 3. d4 cxd4 4. Nxd4 a6 5. Bd3 Bc5 6. Nb3 Be7 7. Qg4 Nf6 8.
Qg3 d6 9. O-O Nc6 10. Nc3 b5 11. a3 Bb7 12. f4 h5 13. Kh1 Ng4 14. Bd2 Bh4 15.
Qf3 Ne7 16. a4 bxa4 17. Rxa4 Bc6 18. Raa1 Ra7 19. Na5 Ba8 20. Nc4 Nf5 21. Qh3
Nd4 22. f5 e5 23. Ne3 Nf2+ 24. Rxf2 Bxf2 25. Nc4 Bh4 26. Nxd6+ Qxd6 27. Qxh4
Nb3 28. Rd1 Nxd2 29. Rxd2 O-O 30. Rf2 Qh6 31. f6 g5 32. Qg3 g4 33. h4 Rb8 34.
Qxe5 Rd8 35. Nd5 Bxd5 36. exd5 Raa8 37. Rf5 Re8 38. Rg5+ Kh8 39. Qf5 g3 40.
Rxg3 Re1+ 41. Kh2 Rae8 42. Rg7 R1e5 43. Rh7+ Kg8 44. Rxh6 1-0

[Event "FIDE Open World Blitz 2021"]
[Site "Warsaw"]
[Date "2021.12.29"]
[Round "10.15"]
[White "Demchenko, Anton"]
[Black "Heimann, Andreas"]
[Result "1-0"]
[WhiteElo "2655"]
[BlackElo "2584"]
[Annotator "ChessBase"]
[PlyCount "55"]
[EventDate "2021.12.29"]
[EventType "swiss"]
[EventCountry "POL"]
[Tiebreak "Cut1 Buchholz"]
[SourceTitle "playchess.com"]
[Source "ChessBase"]
[SourceQuality "1"]

1. e4 e5 2. Nf3 Nc6 3. Bc4 Nf6 4. d3 Bc5 5. Bg5 h6 6. Bh4 Be7 7. Bg3 d6 8. a4
a5 9. h3 O-O 10. O-O g6 11. Nc3 Kg7 12. d4 Nh5 13. Bh2 Nxd4 14. Nxd4 exd4 15.
Qxd4+ Bf6 16. Qd3 Be6 17. Rad1 Qe7 18. Rfe1 Be5 19. g3 c6 20. f4 Bf6 21. g4 d5
22. exd5 Qc5+ 23. Kg2 cxd5 24. Bb3 Bxc3 25. bxc3 Nf6 26. Bg1 d4 27. Bxd4 Qc6+
28. Qf3 1-0

[Event "FIDE Open World Blitz 2021"]
[Site "Warsaw"]
[Date "2021.12.29"]
[Round "10.15"]
[White "Dvirnyy, Danyyil"]
[Black "Sarana, Alexey"]
[Result "0-1"]
[WhiteElo "2493"]
[BlackElo "2656"]
[Annotator "ChessBase"]
[PlyCount "94"]
[EventDate "2021.12.29"]
[EventType "swiss"]
[EventCountry "POL"]
[Tiebreak "Cut1 Buchholz"]
[SourceTitle "playchess.com"]
[Source "ChessBase"]
[SourceQuality "1"]

1. Nf3 d5 2. g3 Nf6 3. Bg2 g6 4. b3 Bg7 5. Bb2 O-O 6. c4 c6 7. O-O Nbd7 8. Qc2
Re8 9. Rc1 e5 10. cxd5 Nxd5 11. d3 N7b6 12. a3 h6 13. Nbd2 a5 14. Nc4 Qc7 15.
Qd2 a4 16. b4 Bd7 17. Na5 Rad8 18. e4 Nf6 19. Rc5 Nh7 20. Rac1 Bg4 21. b5 Nd7
22. R5c4 c5 23. b6 Qxb6 24. Rxa4 Qa6 25. Rac4 b6 26. Nb3 Be6 27. R4c3 Ng5 28.
Nxg5 hxg5 29. Qxg5 Qb5 30. Rb1 Bxb3 31. Ba1 Qa4 32. Rcxb3 c4 33. dxc4 Nc5 34.
Rxb6 Rd1+ 35. Bf1 Nxe4 36. Qe3 Nd2 37. Rxd1 Qxd1 38. Qe2 Nf3+ 39. Kg2 Ne1+ 40.
Kg1 Qxa1 41. Rd6 e4 42. Rd1 Nf3+ 43. Kg2 Qxa3 44. Qc2 Bd4 45. Be2 Ba7 46. c5
Bxc5 47. Rd7 Ne1+ 0-1